[Event "RSA-chT U20"]
[Site "Boksburg"]
[Date "2018.01.08"]
[Round "7.4"]
[White "Mbhele, Philani"]
[Black "Jordaan, Chandre"]
[Result "1-0"]
[WhiteElo "1114"]
[BlackElo "742"]
[PlyCount "79"]
[EventDate "2018.01.04"]
[EventType "team-tourn"]
[EventRounds "7"]
[EventCountry "RSA"]
[SourceTitle "CBM 182 Extra"]
[Source "ChessBase"]
[SourceDate "2018.02.23"]
[SourceVersion "1"]
[SourceVersionDate "2018.02.23"]
[SourceQuality "1"]
[WhiteTeam "Ethekwini U20"]
[BlackTeam "Mangaung U20"]
[WhiteTeamCountry "RSA"]
[BlackTeamCountry "RSA"]

1. d4 d5 2. c4 Nf6 3. Bg5 Ne4 4. Nf3 dxc4 5. Nc3 Bf5 6. Nxe4 Bxe4 7. e3 Qd5 8. Be2 Nd7 9. Bf4 e5 10. dxe5 Bb4+ 11. Kf1 Qc6 12. a3 Be7 13. Rg1 Rd8 14. Nd4 Qa6 15. Qc1 Bd3 16. f3 Nc5 17. g3 Bxe2+ 18. Kxe2 c3+ 19. Kd1 Nd3 20. Qxc3 Rd5 21. Kd2 Nc5 22. b4 Na4 23. Qd3 Qb6 24. h4 Bxb4+ 25. Ke2 Nc3+ 26. Kf2 Qc5 27. axb4 Qxb4 28. Kg2 Qb2+ 29. Kh1 Ne2 30. Rgb1 Nxf4 31. gxf4 Qf2 32. Qe2 Qxh4+ 33. Qh2 Qe7 34. Nf5 Qd7 35. Nxg7+ Kf8 36. Qh6 Rg8 37. Rg1 Rxg7 38. Qxg7+ Ke7 39. Qf6+ Ke8 40. Rg8# 1-0

[Event "RSA-ch U18 Girls"]
[Site "Gauteng"]
[Date "2017.04.10"]
[Round "9"]
[White "Angel, Claire"]
[Black "Jordaan, Chandre"]
[Result "1-0"]
[WhiteElo "1083"]
[BlackElo "885"]
[PlyCount "85"]
[EventDate "2017.04.05"]
[EventType "swiss"]
[EventRounds "11"]
[EventCountry "RSA"]
[SourceTitle "CBM 177 Extra"]
[Source "ChessBase"]
[SourceDate "2017.04.27"]
[SourceVersion "1"]
[SourceVersionDate "2017.04.27"]
[SourceQuality "1"]

1. c4 d6 2. g3 g6 3. Bg2 Nf6 4. Nc3 Bg7 5. Nf3 0-0 6. 0-0 Nc6 7. d4 Na5 8. Nd2 c6 9. b4 Nxc4 10. Nxc4 d5 11. Nd2 Bf5 12. Nf3 Qd7 13. e3 a5 14. Na4 Qc7 15. Bd2 b5 16. Nc5 a4 17. Rc1 Qc8 18. Ne5 Re8 19. Ncd3 Ra6 20. Nf4 Rd8 21. Rc3 Ne4 22. Rc1 f6 23. Ned3 Ng5 24. Nb2 Bg4 25. Qc2 e5 26. Nxd5 Qe6 27. Nc7 Qc8 28. Nxa6 Bh3 29. Qxc6 Qf5 30. f4 Bxg2 31. Qxg2 Nh3+ 32. Kh1 exd4 33. g4 Qe6 34. Nc5 Qxa2 35. Ncd3 a3 36. Ra1 Qb3 37. Bc1 axb2 38. Nxb2 Re8 39. exd4 Qc3 40. Qg3 Qc6+ 41. Qg2 Nf2+ 42. Kg1 Ne4 43. Ra3 1-0